000 00252nam a2200109Ia 4500
008 190216s9999||||xx |||||||||||||| ||und||
100 _aCoulter J M
245 0 _aText Book Of Botany
260 _bThe World Press Pvt Ltd
650 _aBotany
942 _cBK
999 _c1145
_d1145